000 01146nam a22002657a 4500
010 _aA-695795
020 _c400.00
035 _aA-695795
037 _aCen Lib / Ret
040 _aDPL
_bHN
082 _a812
_bत्रिपाठी
100 _aत्रिपाठी, रामसागर
245 _aसंस्कृत-नाटय-कोश
_cरामसागर त्रिपाठी
246 _aSanskrit -natya-kosh /
_bby Ramsagar Tripathi
260 _aदिल्ली
_bचौखम्बा संस्कृत प्रतिष्ठान
_c1961
270 _bदिल्ली
_a38, यू.ए. ,जवाहर नगर बंगलो रोड
_e110007
300 _av 1. 613p.
_b22cm.
490 _aव्रजजीवन प्रच्यभारती ग्रंथमाला
_v69
500 _av 1. नाट्य कोश
650 _aशब्दकोश
650 _aशब्दकोश--संस्कृत--नाटय
650 _aDictionaries
650 _aDictionaries--Sanskrit--paly
942 _2ddc
_cHN
_h812
_mत्रिपाठी
999 _c122308
_d122308